Charisma and leadership in organizations
Αποθηκεύτηκε σε:
| Κύριος συγγραφέας: | |
|---|---|
| Μορφή: | Βιβλίο |
| Γλώσσα: | English |
| Δημοσίευση: |
London ; Newbury, Calif. :
Sage Publications,
1992
|
| Θέματα: | |
| Ετικέτες: |
Προσθήκη ετικέτας
Δεν υπάρχουν, Καταχωρήστε ετικέτα πρώτοι!
|
MARC
| LEADER | 00000cam a2200000 i 4500 | ||
|---|---|---|---|
| 001 | 1/22445 | ||
| 008 | 980515s1992 eng d | ||
| 020 | |a 0-8039-8318-2 | ||
| 035 | |l 10036564 | ||
| 035 | |a 1995 |b 1 |c Χιωτάκης | ||
| 035 | |a 1995 |b 1 |c Φιοραβάντες | ||
| 040 | |a GR-MY-UA |b gre |e aacr | ||
| 041 | 0 | |a eng | |
| 082 | 0 | |a 658.409 |2 (20) | |
| 100 | 1 | |a Bryman, Alan. | |
| 245 | 1 | 0 | |a Charisma and leadership in organizations / |c Alan Bryman |
| 260 | |a London ; Newbury, Calif. : |b Sage Publications, |c 1992 | ||
| 300 | |a x, 198 p.; |c 24 cm | ||
| 504 | |a Includes bibliographical references and indexes | ||
| 650 | 0 | 0 | |a Leadership. |
| 650 | 0 | 0 | |a Charisma (Personality trait) |
| 852 | |a INST |b RHODES |e 19980623 |h 658.409 BRY |p 005400005313 |q 005400005313 |t BK |y 0 | ||
| 852 | |a INST |b RHODES |e 19980515 |h 658.409 BRY |p 005400005468 |q 005400005468 |t BK |y 0 | ||
| 909 | |a Ρ |b 040721 |c 1995 | ||
| 909 | |a Ρ |b 040873 |c 1995 | ||